000 00772nam a2200289Ia 4500
001 12572
005 20240113235404.0
007 ta
008 051021s1977 a g b000 u 465 u
040 _aCotton College,Assam
041 _a465
082 _a938
_bB 959 H
100 _aBury, J.B. .
245 0 _aA History of Greece to the Death of Alexander The Great /
_cJ.B. Bury, Russell Meiggs.
_hTextual Documents
250 _a4th ed. /
260 _aNew York :
_bMacmillan and co ,
_c1977.
300 _a577p. :
_bill. ;
_c24cm .
504 _aIndex
653 _aHistory-Greece
653 _aG-History
653 _aT/G-History
700 _aMeiggs, Russell .
942 _2ddc
_cBK
999 _c12558
_d12558